Central Library OPAC University of Rajshahi

Exploration and mining geology / (Record no. 13633)

MARC details
000 -LEADER
fixed length control field 00933nam a22003131 4500
001 - CONTROL NUMBER
control field 13633
003 - CONTROL NUMBER IDENTIFIER
rucl marc code BD-RjUL
005 - DATE AND TIME OF LATEST TRANSACTION
control field 20211208235503.0
008 - FIXED-LENGTH DATA ELEMENTS--GENERAL INFORMATION
fixed length control field 140201s1987 xxua b 001 0 eng d
020 ## - INTERNATIONAL STANDARD BOOK NUMBER
International Standard Book Number 0471838640
035 ## - SYSTEM CONTROL NUMBER
System control number (BD-RjUL)13685
040 ## - CATALOGING SOURCE
Original cataloging agency DLC
Language of cataloging eng
Transcribing agency DLC
Modifying agency BD-RjUL
041 ## - LANGUAGE CODE
Language code of text/sound track or separate title eng
082 00 - DEWEY DECIMAL CLASSIFICATION NUMBER
Classification number 622.1
Author mark and year PEE 1987
100 1# - MAIN ENTRY--PERSONAL NAME
Personal name Peters, William C.
9 (RLIN) 42659
245 10 - TITLE STATEMENT
Title Exploration and mining geology /
Statement of responsibility, etc. William C. Peters
250 ## - EDITION STATEMENT
Edition statement 2nd ed.
260 ## - PUBLICATION, DISTRIBUTION, ETC. (IMPRINT)
Place of publication, distribution, etc. New York :
Name of publisher, distributor, etc. J. Wiley,
Date of publication, distribution, etc. c1987.
300 ## - PHYSICAL DESCRIPTION
Pagination xviii, 685 p :
Illustrations ill ;
Size 24 cm.
500 ## - GENERAL NOTE
General note Rev. ed. of: Exploration mining and geology. c1978
504 ## - BIBLIOGRAPHY, ETC. NOTE
Bibliography, etc Bibliography: p. [634]-671 AND index.
650 #0 - SUBJECT ADDED ENTRY--TOPICAL TERM
Topical term or geographic name as entry element Mining geology
9 (RLIN) 42660
Topical term or geographic name as entry element Prospecting
9 (RLIN) 42661
Topical term or geographic name as entry element Peters
9 (RLIN) 42662
700 1# - ADDED ENTRY--PERSONAL NAME
Personal name Peters, William C.
942 ## - ADDED ENTRY ELEMENTS (KOHA)
Source of classification or shelving scheme Dewey Decimal Classification
Koha item type Books
Holdings
Lost status Source of classification or shelving scheme Damaged status Not for loan Collection code Permanent Location Current Location Shelving location Date acquired Source of acquisition Cost, normal purchase price Total Checkouts Full call number Date last seen Copy number Koha item type
  Dewey Decimal Classification     Non-fiction Central Library, University of Rajshahi Central Library, University of Rajshahi   24/07/1989 Karim International. 58.95   622.1 PEE 1987 01/02/2014 C-3 Books